Statistics for Midnight Memories

Click here to take the quiz!

General Stats

  • This quiz has been taken 26 times
  • The average score is 10 of 15

Answer Stats

HintAnswer% Correct
and we danced all nightbest song ever
100%
baby you and memidnight memories
81%
let me be the one to light a fire inside those eyesdiana
71%
if this room was burninglittle white lies
71%
i'm sorry if I say I need yastrong
71%
if you ever feel alonedon't forget where you belong
67%
to hold you when you sleephappily
67%
just walked in to the roomlittle black dress
67%
I take her homestory of my life
67%
we don't wanna be like themyou & I
62%
I'm half a man at besthalf a heart
52%
I wish you were here with meright now
52%
oh I will carry you over fire and waterthrough the dark
52%
you drive me crazybetter than words
48%
come on jump out at mesomething great
48%

Score Distribution

Percentile by Number Answered

Percent of People with Each Score

Your Score History

You have not taken this quiz